00221nam a2200097Ia 4500008004100000082001400041100001700055245001800072260001800090600001500108241002s9999 xx 000 0 und d a808.3 TOL aTolstoy, Leo 0aWar and Peace aBombay:c1956 aLiterature